Airborne carpet operation market garden (Record no. 551839)

000 -LEADER
fixed length control field 00420nam a22001337a 4500
082 ## - DEWEY DECIMAL CLASSIFICATION NUMBER
Classification number 940.5441
Author Mark FAR
-- L-30, P-123
100 ## - MAIN ENTRY--PERSONAL NAME
Personal name Farrer-Hockley, Anthony
9 (RLIN) 48996
245 ## - TITLE STATEMENT
Title Airborne carpet operation market garden
Statement of responsibility, etc. Anthony Farrer-Hockley.
260 ## - PUBLICATION, DISTRIBUTION, ETC.
Place of publication, distribution, etc. United States of America
Name of publisher, distributor, etc. Anthony Farrer-Hockley
Date of publication, distribution, etc. 1969
300 ## - PHYSICAL DESCRIPTION
Extent 180 P
526 ## - STUDY PROGRAM INFORMATION NOTE
Program name 0
Interest level 0
Reading level 0
Title point value 940_544100000000000_FAR
650 ## - SUBJECT ADDED ENTRY--TOPICAL TERM
Topical term or geographic name entry element MCE
9 (RLIN) 379
942 ## - ADDED ENTRY ELEMENTS (KOHA)
Source of classification or shelving scheme
Koha item type Book
Holdings
Withdrawn status Lost status Source of classification or shelving scheme Damaged status Not for loan Permanent Location Current Location Date acquired Total Checkouts Full call number Barcode Date last seen Price effective from Koha item type
          Military College of Engineering (MCE) Military College of Engineering (MCE) 12/30/2014   940.5441 FAR MCE-3933 12/30/2014 12/30/2014 Book
© 2023 Central Library, National University of Sciences and Technology. All Rights Reserved.